Elites and Society (Record no. 224190)
[ view plain ]
| 000 -LEADER | |
|---|---|
| fixed length control field | 00518nam a22001937a 4500 |
| 005 - DATE AND TIME OF LATEST TRANSACTION | |
| control field | 20220726115246.0 |
| 008 - FIXED-LENGTH DATA ELEMENTS--GENERAL INFORMATION | |
| fixed length control field | 220726b ||||| |||| 00| 0 eng d |
| 040 ## - CATALOGING SOURCE | |
| Transcribing agency | AL |
| 041 ## - LANGUAGE CODE | |
| Language code of text/sound track or separate title | English |
| 082 ## - DEWEY DECIMAL CLASSIFICATION NUMBER | |
| Edition number | 23 |
| Classification number | 305.52 |
| Item number | BOTE |
| 100 ## - MAIN ENTRY--PERSONAL NAME | |
| Personal name | T B Bottomore |
| 100 ## - MAIN ENTRY--PERSONAL NAME | |
| 9 (RLIN) | 53307 |
| 245 ## - TITLE STATEMENT | |
| Title | Elites and Society |
| 260 ## - PUBLICATION, DISTRIBUTION, ETC. | |
| Place of publication, distribution, etc. | Harmondsworth |
| Name of publisher, distributor, etc. | Penguin Books |
| Date of publication, distribution, etc. | 1964 |
| 300 ## - PHYSICAL DESCRIPTION | |
| Extent | 160 p. |
| Other physical details | PB |
| Dimensions | 20x13 cm. |
| 650 ## - SUBJECT ADDED ENTRY--TOPICAL TERM | |
| Topical term or geographic name entry element | Elite (Social sciences) |
| 9 (RLIN) | 53308 |
| 650 ## - SUBJECT ADDED ENTRY--TOPICAL TERM | |
| Topical term or geographic name entry element | Ideology |
| 9 (RLIN) | 53309 |
| 700 ## - ADDED ENTRY--PERSONAL NAME | |
| Personal name | BOTTOMORE (T B) |
| 9 (RLIN) | 53310 |
| 942 ## - ADDED ENTRY ELEMENTS (KOHA) | |
| Source of classification or shelving scheme | Dewey Decimal Classification |
| Koha item type | George Fernandes Collections |
| Withdrawn status | Lost status | Source of classification or shelving scheme | Damaged status | Not for loan | Collection code | Home library | Current library | Date acquired | Total Checkouts | Full call number | Barcode | Date last seen | Price effective from | Koha item type | Public note |
|---|---|---|---|---|---|---|---|---|---|---|---|---|---|---|---|
| Dewey Decimal Classification | Sociology | St Aloysius Library | St Aloysius Library | 03/23/2013 | 305.52 BOTE | GF01168 | 07/26/2022 | 07/26/2022 | George Fernandes Collections | ||||||
| Dewey Decimal Classification | Sociology | St Aloysius Library | St Aloysius Library | 12/06/2014 | 305.52 BOTE | D05520 | 01/09/2023 | 01/09/2023 | Donated Books | Donated by V.T. Rajshekar |